The road to Vatican II : (Record no. 94255)

MARC details
000 -LEADER
campo de control de longitud fija 01386cam a2200361 a 4500
001 - NÚMERO DE CONTROL
campo de control 105003
005 - FECHA Y HORA DE LA ÚLTIMA TRANSACCIÓN
campo de control 20230410142347.0
008 - DATOS DE LONGITUD FIJA--INFORMACIÓN GENERAL
campo de control de longitud fija 061113s20071993nyu b 001 0 eng
035 ## - NÚMERO DE CONTROL DEL SISTEMA
Número de control de sistema 14631961
010 ## - NÚMERO DE CONTROL DE LA BIBLIOTECA DEL CONGRESO
Número de control de LC 2006037762
020 ## - NÚMERO INTERNACIONAL ESTÁNDAR DEL LIBRO
Número Internacional Estándar del Libro 9780809142774 (alk. paper)
020 ## - NÚMERO INTERNACIONAL ESTÁNDAR DEL LIBRO
Número Internacional Estándar del Libro 0809142775 (alk. paper)
035 ## - NÚMERO DE CONTROL DEL SISTEMA
Número de control de sistema (OCoLC)ocm76786653
035 ## - NÚMERO DE CONTROL DEL SISTEMA
Número de control de sistema (OCoLC)76786653
040 ## - FUENTE DE CATALOGACIÓN
Centro catalogador/agencia de origen DLC
Centro/agencia transcriptor DLC
Centro/agencia modificador BTCTA
-- C#P
-- YDXCP
-- BAKER
-- DLC
050 14 - SIGNATURA TOPOGRÁFICA DE LA BIBLIOTECA DEL CONGRESO
Número de clasificación BX 830
Número de ítem S949r 2007
082 00 - NÚMERO DE LA CLASIFICACIÓN DECIMAL DEWEY
Número de clasificación 262/.52
100 1# - ENTRADA PRINCIPAL--NOMBRE DE PERSONA
Nombre de persona Sullivan, Maureen,
Títulos y otros términos asociados al nombre O.P.
245 14 - MENCIÓN DEL TÍTULO
Título The road to Vatican II :
Resto del título key changes in theology /
Mención de responsabilidad, etc. Maureen Sullivan.
260 ## - PUBLICACIÓN, DISTRIBUCIÓN, ETC.
Lugar de publicación, distribución, etc. New York :
Nombre del editor, distribuidor, etc. Paulist Press,
Fecha de publicación, distribución, etc. 2007c1993
300 ## - DESCRIPCIÓN FÍSICA
Extensión x, 161 p. ;
Dimensiones 23 cm.
440 #0 - MENCIÓN DE SERIE/PUNTO DE ACCESO ADICIONAL--TÍTULO
Título Religión / Church History
500 ## - NOTA GENERAL
Nota general Catholic church, Vatican Council 2nd. 1962
504 ## - NOTA DE BIBLIOGRAFÍA, ETC.
Nota de bibliografía, etc. Includes bibliographical references (p. 142-156) notes and index.
505 0# - NOTA DE CONTENIDO CON FORMATO
Nota de contenido con formato Introduction -- Theology in transition -- The church looks at the world -- The church looks at the laity -- The church looks at itself -- Epilogue.
611 20 - PUNTO DE ACCESO ADICIONAL DE MATERIA--NOMBRE DE REUNIÓN/CONGRESO
Nombre de congreso/reunión o jurisdicción como elemento de entrada Vatican Council
Número del congreso/reunión o número de parte o sección (2nd :
Fecha del congreso o de la firma del tratado 1962-1965)
610 20 - PUNTO DE ACCESO ADICIONAL DE MATERIA--NOMBRE DE ENTIDAD CORPORATIVA
Nombre de entidad corporativa o nombre de jurisdicción como elemento de entrada Catholic Church
Subdivisión general Doctrines.
610 20 - PUNTO DE ACCESO ADICIONAL DE MATERIA--NOMBRE DE ENTIDAD CORPORATIVA
Nombre de entidad corporativa o nombre de jurisdicción como elemento de entrada Catholic Church
Subdivisión general History
Subdivisión cronológica 19th century.
610 20 - PUNTO DE ACCESO ADICIONAL DE MATERIA--NOMBRE DE ENTIDAD CORPORATIVA
Nombre de entidad corporativa o nombre de jurisdicción como elemento de entrada Catholic Church
Subdivisión general History
Subdivisión cronológica 20th century.
856 41 - LOCALIZACIÓN Y ACCESO ELECTRÓNICOS
Materiales especificados Table of contents only
Identificador Uniforme de Recursos <a href="http://www.loc.gov/catdir/toc/ecip075/2006037762.html">http://www.loc.gov/catdir/toc/ecip075/2006037762.html</a>
942 ## - ELEMENTOS DE ENTRADA SECUNDARIOS (KOHA)
Fuente del sistema de clasificación o colocación Clasificación de Library of Congress
Tipo de ítem Koha
946 ## - PROCESAMIENTO DE INFORMACIÓN LOCAL (OCLC)
a JPR
Holdings
Estatus retirado Estado de pérdida Fuente del sistema de clasificación o colocación Estado de daño No para préstamo Colección Biblioteca de origen Biblioteca actual Ubicación en estantería Fecha de adquisición Serial enumeration / chronology Signatura topográfica completa Código de barras Visto por última vez Copia número Tipo de ítem Koha
    Clasificación de Library of Congress     Humanidades Biblioteca Juan Bosch Biblioteca Juan Bosch Humanidades (4to. Piso) 10/04/2023 1 BX 830 S949r 2007 00000097845 17/11/2018 1